000 00519cam a2200145 4500500
005 20251012013739.0
041 _afre
042 _adc
100 1 0 _aDethurens, Pascal
_eauthor
245 0 0 _aMargaret Sironval, Les mille et une nuits, Citadelles & Mazenod, 2024, 496 pages, 350 color illustrations, €255.
260 _c2025.
500 _a93
786 0 _nÉtudes | - | 9 | 2025-09-01 | p. 129-130 | 0014-1941
856 4 1 _uhttps://shs.cairn.info/journal-etudes-2025-9-page-129?lang=en&redirect-ssocas=7080
999 _c1530089
_d1530089